|
|
|
|
| LEADER |
00569cam a2200181 7i4500 |
| 001 |
0000026435 |
| 005 |
20020808090000.0 |
| 020 |
0 |
0 |
|a 0783529414
|
| 090 |
0 |
0 |
|a Q 121
|b T583
|
| 245 |
0 |
0 |
|a Aquatic life.
|
| 260 |
0 |
0 |
|a Alexandria, Virginia:
|b Time Life Asia,
|c 2001.
|
| 300 |
|
|
|a 150p.:
|b ill. (col.);
|c 30cm..
|
| 490 |
0 |
0 |
|a Time Life illustrated encyclopedia of science and nature
|
| 650 |
0 |
0 |
|a Discoveries in science --
|x Encyclopedias.
|
| 650 |
0 |
0 |
|a Underwater acoustics
|
| 650 |
0 |
0 |
|a Oceanography.
|
| 710 |
2 |
1 |
|a Time Life Asia
|
| 999 |
|
|
|a 1100005778
|b Book
|c Rujukan
|e KOLEKSI RUJUKAN
|